| 000 | 00894nam a22002537a 4500 | ||
|---|---|---|---|
| 005 | 20170124110145.0 | ||
| 010 | _aA-799659 | ||
| 020 |
_c70.00 _a8185842434 |
||
| 035 | _aA-799659 | ||
| 037 | _bCen Lib/Ret | ||
| 040 |
_aDPL _bEN |
||
| 082 |
_a628.1685 _bSHA |
||
| 100 |
_aSharma, B. K _91112 |
||
| 245 |
_aThermal & Radio active pollution : _cby B. K. Sharma [and] H. Kaur ;edited by Manjula Sharma _bfor degree honours post graduate and B.E.students of various universities / |
||
| 260 |
_aMeerut _bKrishna Prakshan Mandir _c1994 |
||
| 270 |
_a11, Shivaji Road _bMeerut |
||
| 300 |
_ax,205p. : _c21cm(Hb) _bill. |
||
| 500 | _aIncludes bibliographical references and index | ||
| 650 |
_aThermal pollution _933180 |
||
| 650 |
_aRadio active pollution _933181 |
||
| 700 |
_aKaur, H _994728 |
||
| 700 |
_aSharma, Manjula _994729 |
||
| 942 |
_2ddc _cEN _h628.1685 _mSHA |
||
| 999 |
_c131912 _d131912 |
||